000 00409pab a2200169 454500
008 180718b2013 xxu||||| |||| 00| 0 eng d
100 _aDas, B.C.
245 _aNational diary plan-towards self sufficiency milk production
260 _c2013
300 _ap.25-37.
362 _aSep
650 _aMilk
650 _aDairy industry
773 _aKurukshetra (English)
908 _aN
909 _a100667
999 _c100666
_d100666